El viaje de kuno /
"Sale la luna e ilumina la noche. La sombra en movimiento de Kuno se proyecta sobre el asfalto. Kuno atraviesa el campo abierto y se desliza por los pueblos y por el barrio periférico de una ciudad sin hacer ruido. -Sobre todo no pierdas la calma- se doce a sí mismo dentro del casco".
Guardado en:
| Autor Principal: | |
|---|---|
| Otros Autores: | , |
| Formato: | Libro |
| Publicado: |
Buenos Aires :
Ediciones de la Magnolia,
2013
|
| Series: | Libros del zorro rojo
|
| Materias: | |
| Etiquetas: |
Agregar Etiqueta
Sin Etiquetas, Sea el primero en etiquetar este registro!
|
| LEADER | 01265nam a22002775a 4500 | ||
|---|---|---|---|
| 001 | CEM.cems015318 | ||
| 008 | 130507s2013##################000#0#####d | ||
| 005 | 20240215111453.0 | ||
| 245 | 1 | 0 | |a El viaje de kuno / |c Klaus Merz ; ilustrado Por Hannes Binder ; traducido Por Moka Seco Reeg |
| 260 | |a Buenos Aires : |b Ediciones de la Magnolia, |c 2013 | ||
| 300 | |a 32 p. | ||
| 490 | 0 | |a Libros del zorro rojo | |
| 500 | |a Título original: Kunos grosse Fahrt | ||
| 520 | |a "Sale la luna e ilumina la noche. La sombra en movimiento de Kuno se proyecta sobre el asfalto. Kuno atraviesa el campo abierto y se desliza por los pueblos y por el barrio periférico de una ciudad sin hacer ruido. -Sobre todo no pierdas la calma- se doce a sí mismo dentro del casco". | ||
| 020 | |a 9789871948031 | ||
| 100 | 1 | |a Merz, Klaus | |
| 700 | 1 | |a Binder, Hannes; il. | |
| 700 | 1 | |a Reeg, Moka Seco; trad. | |
| 082 | 0 | 4 | |a 833.31 |
| 653 | |a Literatura | ||
| 653 | |a Literatura suiza | ||
| 653 | |a Literatura infantil | ||
| 653 | |a Cuentos infantiles | ||
| 859 | |a CEMS |b BIB. CEMS - Inicial y Primaria |h 833.31 |i M559 |k IP |p 3993 |t Ej. 1 | ||
| 859 | |a CEMS |b BIB. CEMS - Ccias. Educacion |h 833.31 |i M559 |k CE |p 28580.19 |t Ej.1 | ||
| 859 | |a CEMS |b BIB. CEMS - Ccias. Educacion |h 833.31 |i M559 |k CE |p 28790.19 |t Ej.2 | ||
